| 000 | 00586cas a22002055a 4500 | ||
|---|---|---|---|
| 001 | L139195 | ||
| 008 | 070723d19711973xxkmr p 0 a0eng u | ||
| 022 | 1 | _a0048-8739 | |
| 035 | _a(Sirsi) u139195 | ||
| 041 | 0 | _aeng | |
| 110 | 2 |
_aRoyal Town Planning Institute _91206 |
|
| 245 | 0 | 0 | _aJournal of the Royal Town Planning Institute |
| 260 |
_aLondon _bRTPI _c1971-1973 |
||
| 362 | 0 | _a57(1) January 1971-58(10) December 1972 | |
| 554 | _a10 per year | ||
| 651 | 4 |
_aEngland and Wales _y1543- |
|
| 690 |
_aPlanning and development _96259 |
||
| 785 | 0 | 0 |
_tPlanner _x0309-1384 |
| 942 | _n0 | ||
| 999 |
_c119075 _d119075 |
||